| 000 | 00595nam a2200193 a 4500 | ||
|---|---|---|---|
| 001 | 000003898 | ||
| 005 | 20200929150620.0 | ||
| 008 | 090715s2008 dr r 000 0 spa d | ||
| 040 |
_aDO-SdBNP _bspa _cBNPHU |
||
| 082 |
_a348.7293 _bR426c |
||
| 110 | 1 |
_aRepública Dominicana _9447 |
|
| 240 | 1 | 0 | _a[Leyes, etc.] |
| 245 | 1 | 0 | _aCompendio de leyes usuales de la República Dominicana. |
| 260 |
_aSanto Domingo : _bCorripio, _c2008. |
||
| 300 |
_a4 v. ; _c24 cm. |
||
| 590 | _aInventariado, 2018/BT | ||
| 650 | 4 |
_aLeyes _zRepública Dominicana _93033 |
|
| 910 | _aValidado. Control de calidad. MMOLINA | ||
| 999 |
_c3718 _d3718 |
||